Entrepreneurship / (Record no. 5242)

MARC details
000 -LEADER
fixed length control field 01262cam a2200181 a 4500
020 ## - INTERNATIONAL STANDARD BOOK NUMBER
ISBN 9781408007457 (pbk.)
050 00 - CALL NUMBER
Classification number HB615
Item number .S755
100 1# - AUTHOR
Personal name Stokes, David
245 10 - TITLE
Title Entrepreneurship /
Statement of responsibility, etc David Stokes, Nick Wilson, Martha Mador.
260 ## - PUBLICATION INFORMATION
Place of publication Australia ;
-- United States :
Name of publisher South-Western Cengage Learning,
Year of publication c2010.
300 ## - DESCRIPTION
Number of Pages xx, 391 p. :
Other physical details ill. (some col.) ;
Dimensions 25 cm.
500 ## - NOTES
General note Includes index
505 ## - FORMATTED CONTENTS NOTE
Table of Content Chapter 1: The search for entrepreneurship --<br/>Chapter 2: The properties of entrepreneurship --<br/>Chapter 3: Entrepreneurship and innovation --<br/>Chapter 4: Entrepreneurship and the economy --<br/>Chapter 5: Entrepreneurship in context --<br/>Chapter 6: The life cycle of entrepreneurship --<br/>Chapter 7: The search for the entrepreneur --<br/>Chapter 8: Entrepreneurs and managing creativity --<br/>Chapter 9: Entrepreneurial networking --<br/>Chapter 10: Entrepreneurial decision making and planning --<br/>Chapter 11: Entrepreneurial marketing --<br/>Chapter 12: The creation and protection of knowledge --<br/>Chapter 13: The entrepreneurial team --<br/>Chapter 14: Entrepreneurial business models and processes --<br/>Chapter 15: Entrepreneurial finance.
650 #0 - SUBJECTS
Topical Term Entrepreneurship.
700 1# - OTHER AUTHORS
Personal name Wilson, Nicholas,
700 1# - OTHER AUTHORS
Personal name Mador, Martha.
942 ## - ADDED ENTRY ELEMENTS (KOHA)
Koha item type Books
Holdings
Withdrawn status Lost status Collection code Home library Current library Shelving location Date acquired Full call number Accession Number Koha item type
    Reference Methodist University Library Main Methodist University Library Main General Stacks 18/08/2011 HB615 .S755 33635 Books
    Reference Methodist University Library Main Methodist University Library Main General Stacks 18/08/2011 HB615 .S755 33636 Books
Copyright © 2026  MUG Library